Normal view
MARC view
- Farid, Capt Tariq (TE-31)
Entry Personal Name
001 - CONTROL NUMBER
- control field: 131240
003 - CONTROL NUMBER IDENTIFIER
- control field: NUST
005 - DATE AND TIME OF LATEST TRANSACTION
- control field: 20251020123026.0
008 - FIXED-LENGTH DATA ELEMENTS
- fixed length control field: 251020|| aca||aabn | a|a d
040 ## - CATALOGING SOURCE
- Original cataloging agency: NUST
- Transcribing agency: NUST
100 ## - HEADING--PERSONAL NAME
- Personal name: Farid, Capt Tariq (TE-31)
670 ## - SOURCE DATA FOUND
- Source citation: Work cat.: (NUST)184005: Farid, Capt Tariq (TE-31), Digital multi-meter /, 1999
